<?xml version="1.0" encoding="UTF-8"?>
<record
    xmlns:xsi="http://www.w3.org/2001/XMLSchema-instance"
    xsi:schemaLocation="http://www.loc.gov/MARC21/slim http://www.loc.gov/standards/marcxml/schema/MARC21slim.xsd"
    xmlns="http://www.loc.gov/MARC21/slim">

  <leader>02637cam a22003375a 4500</leader>
  <controlfield tag="001">17663077</controlfield>
  <controlfield tag="003">EG-ScBUE</controlfield>
  <controlfield tag="005">20220904102029.0</controlfield>
  <controlfield tag="008">130318s2014    enka   f b    001 0 eng d</controlfield>
  <datafield tag="020" ind1=" " ind2=" ">
    <subfield code="a">9780415469241 (pbk : alk. paper)</subfield>
  </datafield>
  <datafield tag="020" ind1=" " ind2=" ">
    <subfield code="a">0415469244 (pbk : alk. paper)</subfield>
  </datafield>
  <datafield tag="040" ind1=" " ind2=" ">
    <subfield code="a">DLC</subfield>
    <subfield code="b">eng</subfield>
    <subfield code="e">rda</subfield>
    <subfield code="c">DLC</subfield>
    <subfield code="d">EG-ScBUE</subfield>
  </datafield>
  <datafield tag="082" ind1="0" ind2="4">
    <subfield code="2">22</subfield>
    <subfield code="a">720.1</subfield>
    <subfield code="b">OXM</subfield>
  </datafield>
  <datafield tag="245" ind1="0" ind2="0">
    <subfield code="a">Theories of the digital in architecture /</subfield>
    <subfield code="c">[edited by] Rivka Oxman and Robert Oxman.</subfield>
  </datafield>
  <datafield tag="264" ind1=" " ind2="1">
    <subfield code="a">London ;</subfield>
    <subfield code="a">New York :</subfield>
    <subfield code="b">Routledge,</subfield>
    <subfield code="c">2014.</subfield>
  </datafield>
  <datafield tag="300" ind1=" " ind2=" ">
    <subfield code="a">xxvi, 429 pages :</subfield>
    <subfield code="b">illustrations ;</subfield>
    <subfield code="c">26 cm</subfield>
  </datafield>
  <datafield tag="336" ind1=" " ind2=" ">
    <subfield code="2">rdacontent</subfield>
    <subfield code="a">text</subfield>
    <subfield code="b">txt</subfield>
  </datafield>
  <datafield tag="337" ind1=" " ind2=" ">
    <subfield code="2">rdamedia</subfield>
    <subfield code="a">unmediated</subfield>
    <subfield code="b">n</subfield>
  </datafield>
  <datafield tag="338" ind1=" " ind2=" ">
    <subfield code="2">rdacarrier</subfield>
    <subfield code="a">volume</subfield>
    <subfield code="b">nc</subfield>
  </datafield>
  <datafield tag="504" ind1=" " ind2=" ">
    <subfield code="a">Includes bibliographical references and index.
</subfield>
  </datafield>
  <datafield tag="505" ind1=" " ind2=" ">
    <subfield code="a">Theory: A Universe of Discourse -- Form: From Composition to Generation -- Performance/Generation: From Analysis to Informed Synthesis -- Parametrics: The Design of Multiplicities --
Morphogenesis: Bio-inspired Evolutionary Design -- Tectonics: From Form to Material Tectonics -- Materialization: Materialization Processes and Design Technologies --
Material Fabrication: Design Technologies of Digital Materiality --
Responsive/Dynamic/Adaptive -- Epistemology: Disciplinary Knowledge of Digital Design in Architecture.</subfield>
  </datafield>
  <datafield tag="520" ind1=" " ind2=" ">
    <subfield code="a">In the form of a critical anthology, this book interlaces an ensemble of seminal articles by leading figures in the theory and practice of digital design with a series of original theoretical texts. It develops a meta-theory of the emerging interactions of media technologies and design in architecture. This theory is promoted as a foundation of transformations in design methods as well as a basis for the evolution of new forms of design thinking. The development of an explication of emerging concepts in the form of a new taxonomy is an important contribution in any form of discourse analysis. Theories of the Digital in Architecture attempts to develop such a conceptual orientation for the growing impact of the integration of digital media technologies in design. It locates these conceptual structures within a historical perspective that identifies the coming into being of a new epistemology of the digital in architecture</subfield>
  </datafield>
  <datafield tag="650" ind1=" " ind2="7">
    <subfield code="a">Architecture</subfield>
    <subfield code="x">Philosophy.</subfield>
    <subfield code="2">BUEsh</subfield>
    <subfield code="9">13087</subfield>
  </datafield>
  <datafield tag="650" ind1=" " ind2="7">
    <subfield code="a">Architectural design </subfield>
    <subfield code="x">Technological innovations.</subfield>
    <subfield code="2">BUEsh</subfield>
    <subfield code="9">13057</subfield>
  </datafield>
  <datafield tag="651" ind1=" " ind2=" ">
    <subfield code="2">BUEsh</subfield>
  </datafield>
  <datafield tag="653" ind1=" " ind2=" ">
    <subfield code="b">ENGARC</subfield>
    <subfield code="c">October2016</subfield>
  </datafield>
  <datafield tag="655" ind1=" " ind2=" ">
    <subfield code="v">Reading book</subfield>
    <subfield code="9">34232</subfield>
  </datafield>
  <datafield tag="700" ind1="1" ind2=" ">
    <subfield code="a">Oxman, Rivka&#x200F;. </subfield>
    <subfield code="e">editor of compilation.</subfield>
    <subfield code="9">41620</subfield>
  </datafield>
  <datafield tag="700" ind1="1" ind2=" ">
    <subfield code="a">Oxman, Robert&#x200F;.</subfield>
    <subfield code="e">editor of compilation.</subfield>
    <subfield code="9">41621</subfield>
  </datafield>
  <datafield tag="942" ind1=" " ind2=" ">
    <subfield code="2">ddc</subfield>
    <subfield code="e">22</subfield>
    <subfield code="k">720.1 OXM</subfield>
    <subfield code="c">BB</subfield>
  </datafield>
  <datafield tag="999" ind1=" " ind2=" ">
    <subfield code="c">22862</subfield>
    <subfield code="d">22834</subfield>
  </datafield>
  <datafield tag="952" ind1=" " ind2=" ">
    <subfield code="0">0</subfield>
    <subfield code="1">0</subfield>
    <subfield code="2">ddc</subfield>
    <subfield code="4">0</subfield>
    <subfield code="7">0</subfield>
    <subfield code="8">Baccah</subfield>
    <subfield code="a">MAIN</subfield>
    <subfield code="b">MAIN</subfield>
    <subfield code="c">2ND</subfield>
    <subfield code="d">2016-10-25</subfield>
    <subfield code="e">Purchase</subfield>
    <subfield code="g">518.00</subfield>
    <subfield code="h">3654</subfield>
    <subfield code="l">0</subfield>
    <subfield code="o">720.1 OXM</subfield>
    <subfield code="p">000034242</subfield>
    <subfield code="r">2025-07-15 00:00:00</subfield>
    <subfield code="v">648.00</subfield>
    <subfield code="w">2016-10-25</subfield>
    <subfield code="y">BB</subfield>
  </datafield>
</record>
